KOHA-Header-6

Principles Of Operating Systems (Record no. 426)

000 -LEADER
fixed length control field 00309nam a2200121Ia 4500
008 - FIXED-LENGTH DATA ELEMENTS--GENERAL INFORMATION
fixed length control field 190722s9999 xx 000 0 und d
020 ## - INTERNATIONAL STANDARD BOOK NUMBER
International Standard Book Number 0-19-808287-8
100 ## - MAIN ENTRY--PERSONAL NAME
Personal name Naresh Chauhan
245 #0 - TITLE STATEMENT
Title Principles Of Operating Systems
260 ## - PUBLICATION, DISTRIBUTION, ETC. (IMPRINT)
Place of publication, distribution, etc New Delhi
Name of publisher, distributor, etc Oxford University Press
Date of publication, distribution, etc 2015
300 ## - PHYSICAL DESCRIPTION
Extent 669
942 ## - ADDED ENTRY ELEMENTS (KOHA)
Koha item type Books
Holdings
Withdrawn status Lost status Source of classification or shelving scheme Damaged status Not for loan Collection code Permanent Location Current Location Shelving location Date acquired Full call number Barcode Date last seen Price effective from Koha item type
          Electrical Engineering MAJU MAJU Shelf No.A34 2019-07-22 5.43 7052 2019-07-22 2019-07-22 Electrical Engineering

Powered by Koha